| 000 | 00916nam a22001457a 4500 | ||
|---|---|---|---|
| 003 | OSt | ||
| 005 | 20160419095136.0 | ||
| 008 | 160419b xxu||||| |||| 00| 0 eng d | ||
| 040 | _cRUA | ||
| 082 | _aLMA HOU 2010 B472 Or.1 | ||
| 100 |
_98305 _aHOUR NA BORITH, ហួត ណារិទ្ធ |
||
| 245 | _aStudy on the process of public information land registration dissemination for the systematic land registration in sangkat beong salang, khan toul kork, phnom penh, សិក្សាអំពីដំណើរការផ្សព្វផ្សាយជាសាធារណៈដើម្បីអនុវត្តន័ការចុះបញ្ជីដីធ្លី មានលក្ខណៈជាប្រព័ន្ធនៅសង្កាត់បឺងសាឡាង ខ័ណ្ឌទួលគោក រាធានីភ្នំពេញ | ||
| 300 |
_ax,39p. _bill. _c29cm. |
||
| 942 |
_2ddc _cLMA |
||
| 999 |
_c7944 _d7944 |
||